| 000 | 01031nam a2200277 i 4500 | ||
|---|---|---|---|
| 001 | 105526 | ||
| 003 | ES-MaACL | ||
| 005 | 20240118221949.0 | ||
| 007 | t| | ||
| 008 | 060721s1979 sp ||||1| spa d | ||
| 020 | _a84-85361-09-1 | ||
| 080 | _a342.4(460) | ||
| 245 | 0 | 0 |
_aPoder político y Constitución / _c[coordinador, José Martínez]. |
| 260 |
_aBarcelona : _bIbérica de Ediciones y Publicaciones, _c[1979] |
||
| 300 |
_a190 p. : _bil. ; _c21 cm. |
||
| 490 | 1 |
_aCuadernos de Ruedo ibérico ; _v61-62 |
|
| 595 | _aN. 61/62, enero-abril 1979, de: Cuadernos de Ruedo ibérico. | ||
| 610 | 1 | 4 |
_aEspaña. _tConstitución, 1978. _93657 |
| 651 | 4 |
_aEspaña- _xPolítica y gobierno- _y1975-1982. _98447 |
|
| 651 | 4 |
_aEspaña- _xHistoria constitucional- _yS.XX. _9154408 |
|
| 700 | 1 |
_aMartínez, José, _d1921-1986 _977761 |
|
| 710 | 2 |
_aÉditions Ruedo ibérico. _9145333 |
|
| 830 | 1 |
_aCuadernos de Ruedo ibérico ; _v61-62 _9185038 |
|
| 852 |
_aES-MaACL _jAND-331 _z- Biblioteca Juan Andrade. |
||
| 999 |
_c105526 _d105526 |
||